| 000 | 00698nam a2200253Ia 4500 | ||
|---|---|---|---|
| 999 |
_c25369 _d25369 |
||
| 003 | 0100 | ||
| 005 | 20180308151503.0 | ||
| 008 | 130303s9999 xx 000 0 und d | ||
| 020 | _a0869221728 | ||
| 040 | _cARRUPELIB | ||
| 050 | _aDT962.42A7713 1982 | ||
| 100 |
_aAschwanden, Herbert _927349 |
||
| 245 |
_aSymbols of life: _ban analysis of the consciousness of the Karanga / |
||
| 260 |
_aGweru _bMambo Press _c1982 |
||
| 300 | _axviii | ||
| 300 | _b 332p. 22cm. | ||
| 440 |
_aShona Heritage Series ; No. 3 _940407 |
||
| 650 |
_aKaranga (African People) _937648 |
||
| 942 | 0 | 0 |
_05 _2lcc _cMONOGRAPH |